000 00301 a2200121 4500
001 86696
082 _a320.5491 ASG
090 _c40790
_d40790
100 _aMuhammad Asghar Khan
245 _aAik Siasi Safar Kay Sang-e-meel
_hUrdu
260 _aLahore
_bDoost Publishers
_c2010
300 _a272p.
942 _aCAE NUST
_k320.5491 ASG
999 _c321769
_d321769